កំពូលមនុស្សដ៏អស្ចារ្យលើលោកទាំងជីវិតនិងអាជីវកម្ម, មនុស្សអស្ចារ្យរមែងគិត និយាយ ធ្វើ និងមានជីវិតប្លែកពីគេ (Record no. 25671)
[ view plain ]
| 000 -LEADER | |
|---|---|
| fixed length control field | 00644nam a22001217a 4500 |
| 040 ## - CATALOGING SOURCE | |
| Transcribing agency | RUA |
| 082 ## - DEWEY DECIMAL CLASSIFICATION NUMBER | |
| Classification number | A214 ប្រាជ្ញ 2017 C160 Or.1 |
| 100 ## - MAIN ENTRY--AUTHOR NAME | |
| Personal name | ប្រាជ្ញ វិជ័យ, ឯក លាភី |
| 245 ## - TITLE STATEMENT | |
| Title | កំពូលមនុស្សដ៏អស្ចារ្យលើលោកទាំងជីវិតនិងអាជីវកម្ម, មនុស្សអស្ចារ្យរមែងគិត និយាយ ធ្វើ និងមានជីវិតប្លែកពីគេ |
| 260 ## - PUBLICATION, DISTRIBUTION, ETC. (IMPRINT) | |
| Place of publication | PHNOM PENH |
| Name of publisher | RUA |
| Year of publication | 2017 |
| 300 ## - PHYSICAL DESCRIPTION | |
| Number of Pages | 156p. |
| Other physical details | ill. |
| Dimensions | 29cm. |
| 942 ## - ADDED ENTRY ELEMENTS (KOHA) | |
| Koha item type | អភិវឌ្ឍន៍សម្ថភាព |
| 952 ## - LOCATION AND ITEM INFORMATION (KOHA) | |
| Withdrawn status [LOCAL, KOHA] | 0 |
| Permanent Location | Date acquired | Koha item type | Lost status | Shelving location | Barcode | Current Location | Full call number |
|---|---|---|---|---|---|---|---|
| Library Block C | 2026-04-06 | អភិវឌ្ឍន៍សម្ថភាព | C160 | B712088 | Library Block C | A214 ប្រាជ្ញ 2017 C160 Or.1 |